Memorias /
Na minha lista:
| Autor principal: | |
|---|---|
| Outros Autores: | |
| Formato: | Livro |
| Idioma: | Spanish |
| Publicado em: |
México :
Editorial Porrúa,
1988.
|
| Edição: | 4. edición |
| coleção: | Colección de escritores mexicanos ;
37-38 |
| Assuntos: | |
| Tags: |
Adicionar Tag
Sem tags, seja o primeiro a adicionar uma tag!
|
MARC
| LEADER | 00000mam a2200000 a 4500 | ||
|---|---|---|---|
| 001 | 2235382 | ||
| 005 | 20141117064735.0 | ||
| 008 | 891113s1988 mx b 000 0aspa | ||
| 020 | |a 9684327447 (set) | ||
| 020 | |a 9684327455 (t. 1) | ||
| 020 | |a 9684327463 (t. 2) | ||
| 040 | |a NNC |c NNC |d CRU CIICLA | ||
| 082 | |a 972.04 |b M632m | ||
| 100 | 1 | |a Mier Noriega y Guerra, José Servando Teresa de, |d 1763-1827. | |
| 245 | 1 | 0 | |a Memorias / |c Servando Teresa de Mier ; edición y prólogo de Antonio Castro Leal. |
| 250 | |a 4. edición | ||
| 260 | |a México : |b Editorial Porrúa, |c 1988. | ||
| 300 | |a 2 volúmenes | ||
| 490 | 1 | |a Colección de escritores mexicanos ; |v 37-38 | |
| 504 | |a Incluye referencias bibliográficas (v. 1, p. xii-xiv). | ||
| 600 | 1 | 0 | |a MIER NORIEGA Y GUERRA, JOSE SERVANDO TERESA DE, |d 1763-1827. |
| 600 | 1 | 0 | |a MIER NORIEGA Y GUERRA, JOSE SERVANDO TERESA DE, |d 1763-1827 |x VIAJES |z EUROPA |
| 610 | 2 | 0 | |a DOMINICANOS |z MEXICO |v BIOGRAFÍA |
| 650 | 0 | |a ESTADISTAS |z MEXICO |v BIOGRAFIA | |
| 650 | 0 | |a HISTORIADORES |z MEXICO |v BIOGRAFIA | |
| 651 | 0 | |a EUROPA |x VIAJES Y DESCRIPCIONES | |
| 651 | 0 | |a EUROPA |x VIDA SOCIAL Y COSTUMBRES |y SIGLO XIX | |
| 700 | 1 | |a Castro Leal, Antonio, |d 1895-1981. | |
| 942 | |2 ddc |c BK | ||
| 999 | |c 3575 |d 3575 | ||



